[Event "CHN-ch Gp-B"]
[Site "Liaocheng"]
[Date "2024.04.25"]
[Round "10"]
[White "Zhang, Ziji"]
[Black "Meng, Yihan"]
[Result "1/2-1/2"]
[WhiteElo "2392"]
[BlackElo "2042"]
[PlyCount "60"]
[EventDate "2024.04.21"]
[EventType "swiss"]
[EventRounds "11"]
[EventCountry "CHN"]
[SourceTitle "CB18_2024"]
[SourceDate "2024.05.01"]
[SourceVersion "1"]
[SourceVersionDate "2024.05.01"]
[SourceQuality "2"]

1. d4 d5 2. c4 dxc4 3. Nf3 Nf6 4. e3 e6 5. Bxc4 c5 6. 0-0 a6 7. dxc5 Qxd1 8. Rxd1 Bxc5 9. Be2 0-0 10. Ne5 Nbd7 11. Nc4 Rd8 12. Nc3 b5 13. Na5 Re8 14. Bd2 Bb6 15. b4 Bxa5 16. bxa5 Bb7 17. a4 b4 18. Na2 b3 19. Rdb1 Nc5 20. Nb4 Red8 21. Be1 Nfd7 22. Bc4 Ne5 23. Bxb3 Nxb3 24. Rxb3 Nc4 25. Na2 Bd5 26. Rbb1 Rab8 27. Bb4 Nxa5 28. Bxa5 Rxb1+ 29. Rxb1 Bxa2 30. Bxd8 Bxb1 1/2-1/2

[Event "CHN-ch Gp-B"]
[Site "Liaocheng"]
[Date "2024.04.24"]
[Round "8"]
[White "Zhang, Ziji"]
[Black "Wu, Yixing"]
[Result "1-0"]
[WhiteElo "2392"]
[BlackElo "2348"]
[PlyCount "65"]
[EventDate "2024.04.21"]
[EventType "swiss"]
[EventRounds "11"]
[EventCountry "CHN"]
[SourceTitle "CB18_2024"]
[SourceDate "2024.05.01"]
[SourceVersion "1"]
[SourceVersionDate "2024.05.01"]
[SourceQuality "2"]

1. d4 Nf6 2. Nf3 e6 3. e3 d5 4. Bd3 c5 5. b3 Nc6 6. 0-0 Be7 7. Bb2 0-0 8. Nbd2 b6 9. a3 Bb7 10. Qe2 Rc8 11. Rad1 Qc7 12. dxc5 bxc5 13. e4 d4 14. Nc4 e5 15. Nh4 g6 16. Bc1 Na5 17. Nxa5 Qxa5 18. f4 exf4 19. Rxf4 Rce8 20. Bb5 d3 21. Bxd3 Nh5 22. Rg4 c4 23. Bxc4 Bc8 24. Nxg6 Bc5+ 25. Kh1 Bxg4 26. Qxg4 Nf6 27. Qg5 Nxe4 28. Ne7+ Kh8 29. Bb2+ f6 30. Ng6+ Kg7 31. Rd7+ Re7 32. Rxe7+ Bxe7 33. Qxa5 1-0

[Event "CHN-chT"]
[Site "Qingdao"]
[Date "2024.04.10"]
[Round "9.1"]
[White "Zhang, Ziji"]
[Black "Li, Hongjin"]
[Result "1-0"]
[WhiteElo "2392"]
[BlackElo "1740"]
[PlyCount "93"]
[EventDate "2024.04.02"]
[EventType "team-swiss"]
[EventRounds "9"]
[EventCountry "CHN"]
[SourceTitle "CB16_2024"]
[SourceDate "2024.04.17"]
[SourceVersion "1"]
[SourceVersionDate "2024.04.17"]
[SourceQuality "1"]
[WhiteTeam "Hebei"]
[BlackTeam "Henan"]
[WhiteTeamCountry "CHN"]
[BlackTeamCountry "CHN"]

1. d4 d5 2. c4 c6 3. Nc3 Nf6 4. Nf3 e6 5. e3 Bd6 6. Bd3 Nbd7 7. e4 dxc4 8. Bxc4 e5 9. dxe5 Nxe5 10. Nxe5 Bxe5 11. Qxd8+ Kxd8 12. Bxf7 Bxc3+ 13. bxc3 Nxe4 14. 0-0 Rf8 15. Bb3 Bd7 16. Re1 Re8 17. Bf4 g5 18. Be3 h6 19. h4 gxh4 20. Bxh6 h3 21. f3 Nxc3 22. Rxe8+ Kxe8 23. Re1+ Kd8 24. g4 Nd5 25. Kh2 Kc7 26. Kg3 Kd6 27. Bg7 Re8 28. Rxe8 Bxe8 29. Kxh3 b5 30. Kg3 c5 31. f4 c4 32. Bc2 a5 33. g5 b4 34. g6 b3 35. axb3 cxb3 36. Be4 Kc5 37. f5 a4 38. Bb2 Kc4 39. Kh4 Ne7 40. g7 Bf7 41. f6 Ng8 42. Kg5 Nxf6 43. Kxf6 Bg8 44. Bg6 Kb4 45. Bf7 Bh7 46. Be5 Kc5 47. Kg5 1-0

[Event "CHN-chT"]
[Site "Hangzhou"]
[Date "2023.05.20"]
[Round "2.1"]
[White "Bai, Jinshi"]
[Black "Zhang, Ziji"]
[Result "1-0"]
[WhiteElo "2557"]
[BlackElo "2402"]
[PlyCount "103"]
[EventDate "2023.05.19"]
[EventType "team-swiss"]
[EventRounds "9"]
[EventCountry "CHN"]
[SourceTitle "CBM 214 Extra"]
[Source "ChessBase"]
[SourceDate "2023.07.31"]
[SourceVersion "1"]
[SourceVersionDate "2023.07.31"]
[SourceQuality "1"]
[WhiteTeam "Hangzhou"]
[BlackTeam "Hebei"]
[WhiteTeamCountry "CHN"]
[BlackTeamCountry "CHN"]

1. c4 c6 2. e4 d5 3. exd5 cxd5 4. d4 Nf6 5. Nc3 Nc6 6. Nf3 Bg4 7. cxd5 Nxd5 8. Qb3 Bxf3 9. gxf3 e6 10. Qxb7 Nxd4 11. Bb5+ Nxb5 12. Qc6+ Ke7 13. Qc5+ Ke8 14. Qxb5+ Qd7 15. Nxd5 exd5 16. Qd3 Bb4+ 17. Kf1 f6 18. Kg2 Kf7 19. Bf4 Rac8 20. Rac1 Bc5 21. Rhd1 Bb6 22. Qb3 Rcd8 23. a4 Rhe8 24. Rc2 Qe6 25. Bg3 Rc8 26. Rxc8 Rxc8 27. a5 Bxa5 28. Rxd5 Bb4 29. Rd7+ Be7 30. Qb7 Rc5 31. Qxa7 Rb5 32. Rb7 Rd5 33. b4 Qe2 34. Rd7 Qe6 35. Rxd5 Qxd5 36. Qa5 Qd4 37. b5 Bc5 38. Qc7+ Kf8 39. Qc8+ Kf7 40. Qb7+ Kg8 41. Qe4 Qxe4 42. fxe4 Kf7 43. f3 Ke6 44. Kf1 f5 45. Ke2 fxe4 46. fxe4 g5 47. Kf3 h5 48. h3 Bd4 49. Bf2 Be5 50. Be3 Bf6 51. Bc5 Bd8 52. b6 1-0

[Event "CHN-chTB"]
[Site "Hefei"]
[Date "2023.04.22"]
[Round "9"]
[White "Zhang, Ziji"]
[Black "Xi, Qi"]
[Result "1/2-1/2"]
[WhiteElo "2402"]
[BlackElo "2118"]
[PlyCount "60"]
[EventDate "2023.04.17"]
[EventType "team-swiss"]
[EventRounds "9"]
[EventCountry "CHN"]
[SourceTitle "EXT 2024"]
[Source "ChessBase"]
[SourceDate "2023.10.10"]
[SourceVersion "1"]
[SourceVersionDate "2023.10.10"]
[SourceQuality "1"]
[WhiteTeam "Chongqing Qilin"]
[BlackTeam "Tianjin Yipin"]
[WhiteTeamCountry "CHN"]
[BlackTeamCountry "CHN"]

1. d4 d5 2. c4 c6 3. Nc3 Nf6 4. e3 e6 5. Nf3 Nbd7 6. Qc2 Bd6 7. Bd3 0-0 8. 0-0 dxc4 9. Bxc4 b5 10. Be2 Bb7 11. e4 e5 12. Rd1 Qc7 13. g3 Rfe8 14. Bg5 exd4 15. Rxd4 Bc5 16. Rd2 h6 17. Bxf6 Nxf6 18. e5 Ng4 19. Ne4 Bb6 20. Nc5 Nxe5 21. Nxb7 Qxb7 22. Nxe5 Rxe5 23. Bf3 Rc8 24. Rad1 Qe7 25. Kg2 Qf6 26. Rd6 Re6 27. Rd7 Re7 28. R7d6 Re6 29. Rd7 Re7 30. R7d6 Re6 1/2-1/2

[Event "CHN-chTB"]
[Site "Hefei"]
[Date "2023.04.21"]
[Round "8"]
[White "Zhang, Ziji"]
[Black "Chen, Zimu"]
[Result "1-0"]
[WhiteElo "2402"]
[BlackElo "1823"]
[PlyCount "153"]
[EventDate "2023.04.17"]
[EventType "team-swiss"]
[EventRounds "9"]
[EventCountry "CHN"]
[SourceTitle "EXT 2024"]
[Source "ChessBase"]
[SourceDate "2023.10.10"]
[SourceVersion "1"]
[SourceVersionDate "2023.10.10"]
[SourceQuality "1"]
[WhiteTeam "Chongqing Qilin"]
[BlackTeam "Beijing"]
[WhiteTeamCountry "CHN"]
[BlackTeamCountry "CHN"]

1. Nf3 Nf6 2. c4 g6 3. Nc3 d5 4. cxd5 Nxd5 5. Qb3 Nb6 6. d4 Bg7 7. e4 0-0 8. Be3 Bg4 9. Rd1 Bxf3 10. gxf3 e6 11. d5 Qf6 12. Bg2 exd5 13. Nxd5 Nxd5 14. Rxd5 Qxb2 15. Qxb2 Bxb2 16. Rb5 Bc3+ 17. Ke2 b6 18. Rc1 c6 19. Rb3 Bg7 20. f4 f6 21. Ra3 Bh6 22. h4 Rc8 23. Bxb6 Bxf4 24. Rd1 Nd7 25. Bd4 Ne5 26. Ra6 Rd8 27. Bh3 Kf7 28. Ra4 Rdb8 29. Bxe5 fxe5 30. Rd7+ Kg8 31. Be6+ Kh8 32. Raxa7 Rb2+ 33. Kf3 Rxa7 34. Rxa7 Bd2 35. Rf7 Be1 36. Kg2 Rb4 37. Kf3 Rb2 38. Ke3 Bc3 39. Kd3 Ba5 40. Bb3 Rd2+ 41. Ke3 Rd8 42. Re7 Bc3 43. f3 c5 44. Bd5 Bd4+ 45. Ke2 Rb8 46. Bb3 Rc8 47. Be6 Rb8 48. Kd3 Rf8 49. Ke2 Rf4 50. a4 Rxh4 51. a5 c4 52. Bxc4 Rh2+ 53. Kd3 Rf2 54. Rf7 h5 55. a6 h4 56. Be6 g5 57. a7 Bxa7 58. Rxa7 Rxf3+ 59. Ke2 Rg3 60. Bf5 Kg8 61. Rh7 Kf8 62. Be6 Ke8 63. Kf2 Rd3 64. Bg4 Rd4 65. Ke3 Rb4 66. Rg7 Rb3+ 67. Kf2 Rb4 68. Bf3 Rb2+ 69. Be2 Rb4 70. Ke3 Rb3+ 71. Bd3 h3 72. Rxg5 h2 73. Rh5 Rb2 74. Be2 Rb3+ 75. Kf2 Rb4 76. Bf3 Rb2+ 77. Kg3 1-0

[Event "CHN-chTB"]
[Site "Hefei"]
[Date "2023.04.20"]
[Round "6"]
[White "Zhao, Chenxi"]
[Black "Zhang, Ziji"]
[Result "1/2-1/2"]
[WhiteElo "2404"]
[BlackElo "2402"]
[PlyCount "48"]
[EventDate "2023.04.17"]
[EventType "team-swiss"]
[EventRounds "9"]
[EventCountry "CHN"]
[SourceTitle "EXT 2024"]
[Source "ChessBase"]
[SourceDate "2023.10.10"]
[SourceVersion "1"]
[SourceVersionDate "2023.10.10"]
[SourceQuality "1"]
[WhiteTeam "Guangzhou Lingnan"]
[BlackTeam "Chongqing Qilin"]
[WhiteTeamCountry "CHN"]
[BlackTeamCountry "CHN"]

1. e4 e5 2. Nf3 Nc6 3. Bb5 Nf6 4. Nc3 Nd4 5. Bc4 Nxf3+ 6. Qxf3 Bc5 7. d3 0-0 8. Bg5 Be7 9. 0-0 d6 10. h3 c6 11. Bb3 Nd7 12. Be3 Nc5 13. Bxc5 dxc5 14. Ne2 Bd6 15. a4 Kh8 16. Qe3 Qe7 17. Kh1 Bd7 18. Ng3 Qf6 19. a5 Rae8 20. Ra4 Bc8 21. Nh5 Qh4 22. Ng3 Qf6 23. Nh5 Qh4 24. Ng3 Qf6 1/2-1/2

[Event "CHN-chT"]
[Site "Nanjing"]
[Date "2023.02.19"]
[Round "6.1"]
[White "Zheng, Yi"]
[Black "Zhang, Ziji"]
[Result "0-1"]
[WhiteElo "1998"]
[BlackElo "2439"]
[PlyCount "124"]
[EventDate "2023.02.14"]
[EventType "team-swiss"]
[EventRounds "9"]
[EventCountry "CHN"]
[SourceTitle "CBM 212 Extra"]
[Source "ChessBase"]
[SourceDate "2023.03.31"]
[SourceVersion "1"]
[SourceVersionDate "2023.03.31"]
[SourceQuality "1"]
[WhiteTeam "Liaoning"]
[BlackTeam "Hebei"]
[WhiteTeamCountry "CHN"]
[BlackTeamCountry "CHN"]

1. e4 c5 2. Nf3 d6 3. d4 cxd4 4. Nxd4 Nf6 5. Nc3 Nc6 6. Be2 e5 7. Nb3 Be7 8. 0-0 0-0 9. f4 a5 10. Be3 a4 11. Nc1 a3 12. Nb3 axb2 13. Rb1 Nb4 14. fxe5 dxe5 15. Qxd8 Rxd8 16. Rxb2 Be6 17. Bc5 Nc6 18. Bxe7 Nxe7 19. Nc5 Rdc8 20. Nxe6 Rxc3 21. Rxb7 Nc6 22. Nc7 Rxa2 23. Bd3 Ra7 24. Rxa7 Nxa7 25. Nd5 Nxd5 26. exd5 Nc8 27. Rb1 Kf8 28. Rb7 g6 29. g4 Rc5 30. Rb5 Rxb5 31. Bxb5 Ke7 32. Ba6 Nd6 33. Kf2 Ne4+ 34. Ke3 Nc3 35. Bc4 Kd6 36. g5 Na4 37. Ba2 Nc5 38. c4 Kc7 39. Bb1 Kb6 40. Be4 Nb7 41. Bd3 Nd6 42. Be2 Kc5 43. Bd3 Nb7 44. Ke4 Kd6 45. Ke3 Nc5 46. Bc2 Ke7 47. Bd1 f6 48. gxf6+ Kxf6 49. Bg4 Ke7 50. Bc8 Kd6 51. Bh3 Ke7 52. Bc8 Kf6 53. d6 h6 54. Bh3 Kf7 55. Bg4 Ke8 56. h3 Kf7 57. d7 Ke7 58. h4 Nxd7 59. Bxd7 Kxd7 60. Kf3 g5 61. hxg5 hxg5 62. Kg4 e4 0-1

[Event "CHN-chT"]
[Site "Nanjing"]
[Date "2023.02.15"]
[Round "2.2"]
[White "Li, Shilong"]
[Black "Zhang, Ziji"]
[Result "1/2-1/2"]
[WhiteElo "2426"]
[BlackElo "2439"]
[PlyCount "62"]
[EventDate "2023.02.14"]
[EventType "team-swiss"]
[EventRounds "9"]
[EventCountry "CHN"]
[SourceTitle "CBM 212 Extra"]
[Source "ChessBase"]
[SourceDate "2023.03.31"]
[SourceVersion "1"]
[SourceVersionDate "2023.03.31"]
[SourceQuality "1"]
[WhiteTeam "Guangdong"]
[BlackTeam "Hebei"]
[WhiteTeamCountry "CHN"]
[BlackTeamCountry "CHN"]

1. d4 d5 2. c4 e6 3. Nf3 Nf6 4. Nc3 Be7 5. Bg5 h6 6. Bxf6 Bxf6 7. e3 0-0 8. Rc1 a6 9. a3 dxc4 10. Bxc4 Nd7 11. Ne4 Be7 12. Ba2 b6 13. Qc2 Bb7 14. 0-0 c5 15. Rcd1 Qc7 16. d5 exd5 17. Bxd5 Bxd5 18. Rxd5 Nf6 19. Nxf6+ Bxf6 20. Rfd1 Rfd8 21. b3 Rxd5 22. Rxd5 Rd8 23. Rxd8+ Qxd8 24. a4 b5 25. axb5 axb5 26. Kf1 Qd5 27. Nd2 Be5 28. h4 Bf6 29. g3 g6 30. Ne4 Be7 31. Nc3 Qc6 1/2-1/2

[Event "CHN-chT Div-B"]
[Site "Hainan"]
[Date "2023.02.10"]
[Round "7"]
[White "Yu, Ruiyuan1111"]
[Black "Zhang, Ziji"]
[Result "1-0"]
[WhiteElo "2497"]
[BlackElo "2439"]
[PlyCount "54"]
[EventDate "2023.02.06"]
[EventType "team-tourn"]
[EventRounds "9"]
[EventCountry "CHN"]
[SourceTitle "CBM 213 Extra"]
[Source "ChessBase"]
[SourceDate "2023.05.31"]
[SourceVersion "1"]
[SourceVersionDate "2023.05.31"]
[SourceQuality "1"]
[WhiteTeam "Hangzhou Chess Assoc"]
[BlackTeam "Hebei"]
[WhiteTeamCountry "CHN"]
[BlackTeamCountry "CHN"]

1. e4 e5 2. Nf3 Nc6 3. Nc3 Nf6 4. d4 exd4 5. Nxd4 Bb4 6. Nxc6 bxc6 7. Bd3 d5 8. exd5 cxd5 9. 0-0 0-0 10. Qf3 c6 11. h3 Bd6 12. Bf4 Rb8 13. b3 Be6 14. Ne2 Re8 15. Rfe1 Bxf4 16. Nxf4 Qd6 17. Re2 Bd7 18. Rae1 c5 19. Qg3 Qc6 20. c4 d4 21. Nd5 Nxd5 22. cxd5 Qb6 23. Rxe8+ Rxe8 24. Rxe8+ Bxe8 25. Qe5 Bb5 26. a4 f6 27. Qe7 Qd6 1-0

[Event "CHN-chB"]
[Site "Qiziwan"]
[Date "2023.02.04"]
[Round "11"]
[White "Zhao, Chenxi"]
[Black "Zhang, Ziji"]
[Result "1/2-1/2"]
[WhiteElo "2408"]
[BlackElo "2439"]
[PlyCount "51"]
[EventDate "2023.01.30"]
[EventType "swiss"]
[EventRounds "11"]
[EventCountry "CHN"]
[SourceTitle "CBM 212 Extra"]
[Source "ChessBase"]
[SourceDate "2023.03.31"]
[SourceVersion "1"]
[SourceVersionDate "2023.03.31"]
[SourceQuality "1"]

1. Nf3 Nf6 2. d4 e6 3. g3 d5 4. Bg2 Be7 5. c4 0-0 6. 0-0 dxc4 7. Ne5 Nc6 8. Bxc6 bxc6 9. Nxc6 Qe8 10. Nxe7+ Qxe7 11. Qc2 c5 12. dxc5 Qxc5 13. Be3 Qc6 14. f3 Bb7 15. Nc3 e5 16. Rac1 Rfe8 17. h3 Qe6 18. Kg2 Nd5 19. Nxd5 Bxd5 20. Kh2 f5 21. Rfd1 f4 22. gxf4 exf4 23. Bxf4 Qxe2+ 24. Qxe2 Rxe2+ 25. Kg3 Bf7 26. Rd2 1/2-1/2

[Event "CHN-chB"]
[Site "Qiziwan"]
[Date "2023.02.02"]
[Round "8"]
[White "Zhang, Ziji"]
[Black "Su, Yijia"]
[Result "1-0"]
[WhiteElo "2439"]
[BlackElo "1841"]
[PlyCount "81"]
[EventDate "2023.01.30"]
[EventType "swiss"]
[EventRounds "11"]
[EventCountry "CHN"]
[SourceTitle "CBM 212 Extra"]
[Source "ChessBase"]
[SourceDate "2023.03.31"]
[SourceVersion "1"]
[SourceVersionDate "2023.03.31"]
[SourceQuality "1"]

1. d4 Nf6 2. c4 e6 3. Nc3 Bb4 4. e3 0-0 5. Bd3 d5 6. Nge2 b6 7. cxd5 exd5 8. Qc2 c5 9. a3 Bxc3+ 10. Qxc3 Ba6 11. dxc5 Bxd3 12. Qxd3 bxc5 13. b4 cxb4 14. axb4 Qb6 15. b5 Nbd7 16. Nd4 a6 17. Rb1 axb5 18. Rxb5 Qc7 19. 0-0 Rfb8 20. Bb2 Ne5 21. Qf5 Nc4 22. Ba1 Nd6 23. Rxb8+ Rxb8 24. Qf4 Qd7 25. h3 Ra8 26. Rc1 h6 27. Nf3 Nde4 28. Bd4 Rc8 29. Ra1 Rc2 30. Bxf6 Nxf6 31. Nd4 Rc8 32. Nf5 Qe6 33. Ra7 Rf8 34. Rb7 Kh7 35. Re7 Qb6 36. Kh2 Ng8 37. Rd7 Nf6 38. Rd6 Qb8 39. Nxg7 Kxg7 40. Qxf6+ Kg8 41. Qxh6 1-0

[Event "CHN-chB"]
[Site "Qiziwan"]
[Date "2023.01.31"]
[Round "3"]
[White "Jin, Yueheng"]
[Black "Zhang, Ziji"]
[Result "1/2-1/2"]
[WhiteElo "1900"]
[BlackElo "2439"]
[PlyCount "42"]
[EventDate "2023.01.30"]
[EventType "swiss"]
[EventRounds "11"]
[EventCountry "CHN"]
[SourceTitle "CBM 212 Extra"]
[Source "ChessBase"]
[SourceDate "2023.03.31"]
[SourceVersion "1"]
[SourceVersionDate "2023.03.31"]
[SourceQuality "1"]

1. d4 Nf6 2. c4 e6 3. g3 d5 4. Bg2 dxc4 5. Nf3 c5 6. 0-0 Nc6 7. dxc5 Qxd1 8. Rxd1 Bxc5 9. Nbd2 c3 10. bxc3 0-0 11. Nb3 Be7 12. Nfd4 Bd7 13. Nxc6 Bxc6 14. Bxc6 bxc6 15. Be3 Nd5 16. Bd4 c5 17. Nxc5 Bxc5 18. Bxc5 Rfc8 19. Bd4 Nxc3 20. Bxc3 Rxc3 21. Rac1 Ra3 1/2-1/2

[Event "Tianjin Binhai Cup 2nd"]
[Site "Tianjin"]
[Date "2020.01.18"]
[Round "9"]
[White "Zhang, Ziji"]
[Black "Zhao, Yuanhe"]
[Result "1/2-1/2"]
[WhiteElo "2432"]
[BlackElo "2466"]
[PlyCount "70"]
[EventDate "2020.01.13"]
[EventType "swiss"]
[EventRounds "9"]
[EventCountry "CHN"]
[SourceTitle "CBM 194 Extra"]
[Source "ChessBase"]
[SourceDate "2020.03.31"]
[SourceVersion "1"]
[SourceVersionDate "2020.03.31"]
[SourceQuality "1"]

1. d4 Nf6 2. c4 g6 3. Nc3 Bg7 4. e4 d6 5. Nf3 0-0 6. Be2 Bg4 7. Be3 Nc6 8. 0-0 Nd7 9. Qd2 Bxf3 10. Bxf3 e5 11. d5 Nd4 12. Bxd4 exd4 13. Ne2 d3 14. Nc1 Ne5 15. Nxd3 Nxc4 16. Qc2 Ne5 17. Nxe5 Bxe5 18. Rac1 Qf6 19. Qe2 c5 20. dxc6 bxc6 21. Rxc6 Bxb2 22. Rb1 Rab8 23. g3 Bc3 24. Rxb8 Rxb8 25. Qc2 Bd4 26. Rc8+ Rxc8 27. Qxc8+ Kg7 28. Kg2 Bc5 29. Qa6 Qd4 30. Qe2 h5 31. h4 a5 32. Qc2 a4 33. Bd1 a3 34. Qe2 Qb2 35. Kf1 f6 1/2-1/2

[Event "Tianjin Binhai Cup 2nd"]
[Site "Tianjin"]
[Date "2020.01.17"]
[Round "7"]
[White "Li, Shanglin B"]
[Black "Zhang, Ziji"]
[Result "0-1"]
[WhiteElo "2166"]
[BlackElo "2432"]
[PlyCount "58"]
[EventDate "2020.01.13"]
[EventType "swiss"]
[EventRounds "9"]
[EventCountry "CHN"]
[SourceTitle "CBM 194 Extra"]
[Source "ChessBase"]
[SourceDate "2020.03.31"]
[SourceVersion "1"]
[SourceVersionDate "2020.03.31"]
[SourceQuality "1"]

1. d4 d6 2. e4 Nf6 3. Nc3 g6 4. Bf4 Bg7 5. Qd2 Nc6 6. 0-0-0 0-0 7. Nf3 Bg4 8. Qe3 Qc8 9. Bh6 e5 10. Bxg7 Kxg7 11. dxe5 dxe5 12. Nd5 Bxf3 13. gxf3 Re8 14. h4 Nxd5 15. exd5 Nd4 16. Bh3 Qd8 17. f4 Qxd5 18. c3 Qc4 19. fxe5 Ne6 20. Kb1 Rad8 21. h5 Qf4 22. h6+ Kf8 23. Rxd8 Rxd8 24. Qe2 Rd2 25. Qe1 Nc5 26. e6 Rxb2+ 27. Ka1 Qd2 28. Qxd2 Rxd2 29. exf7 Rxf2 0-1

[Event "Tianjin Binhai Cup 2nd"]
[Site "Tianjin"]
[Date "2020.01.14"]
[Round "3"]
[White "Zhang, Ziji"]
[Black "Li, Bo"]
[Result "1-0"]
[WhiteElo "2432"]
[BlackElo "2312"]
[PlyCount "101"]
[EventDate "2020.01.13"]
[EventType "swiss"]
[EventRounds "9"]
[EventCountry "CHN"]
[SourceTitle "CBM 194 Extra"]
[Source "ChessBase"]
[SourceDate "2020.03.31"]
[SourceVersion "1"]
[SourceVersionDate "2020.03.31"]
[SourceQuality "1"]

1. d4 Nf6 2. c4 g6 3. Nc3 Bg7 4. e4 d6 5. h3 0-0 6. Be3 e5 7. d5 a5 8. g4 Na6 9. Nge2 h5 10. f3 Nh7 11. Qd2 Qh4+ 12. Bf2 Qg5 13. Qxg5 Nxg5 14. Bg2 Bh6 15. h4 Nh7 16. g5 Bg7 17. Kd2 f6 18. Be3 fxg5 19. hxg5 Bd7 20. Raf1 Rf7 21. f4 exf4 22. Nxf4 Nf8 23. Nd3 Rxf1 24. Rxf1 Re8 25. e5 dxe5 26. Be4 Re7 27. a3 Rf7 28. Rh1 Bf5 29. b4 axb4 30. axb4 Nd7 31. b5 Nab8 32. c5 Bxe4 33. Nxe4 c6 34. bxc6 bxc6 35. d6 Rf5 36. Ke2 Rf8 37. Ra1 Kf7 38. Ne1 Ke6 39. Nf3 Rg8 40. Nh4 Bh8 41. Kd3 Kd5 42. Nc3+ Ke6 43. Ke4 Rg7 44. Ra7 Rg8 45. Na2 Kf7 46. Nb4 Ke6 47. Rc7 Rf8 48. Nxc6 Na6 49. Na7 Rb8 50. Nxg6 Bg7 51. c6 1-0

[Event "Asian Continental op 18th"]
[Site "Xingtai"]
[Date "2019.06.15"]
[Round "9"]
[White "Praggnanandhaa, Rameshbabu"]
[Black "Zhang, Ziji"]
[Result "1/2-1/2"]
[WhiteElo "2537"]
[BlackElo "2408"]
[PlyCount "88"]
[EventDate "2019.06.07"]
[EventType "swiss"]
[EventRounds "9"]
[EventCountry "CHN"]
[SourceTitle "CBM 190 Extra"]
[Source "ChessBase"]
[SourceDate "2019.07.15"]
[SourceVersion "1"]
[SourceVersionDate "2019.07.15"]
[SourceQuality "1"]

1. Nf3 d5 2. g3 c6 3. Bg2 Nf6 4. 0-0 Bf5 5. d3 e6 6. Nbd2 h6 7. b3 Be7 8. Bb2 0-0 9. c4 Nbd7 10. a3 Bh7 11. b4 a5 12. Qb3 Qb6 13. Bc3 axb4 14. axb4 Rfb8 15. Qb2 Qd8 16. cxd5 cxd5 17. Nb3 Rxa1 18. Rxa1 Ne8 19. b5 Ra8 20. h3 Bf6 21. Bxf6 Ndxf6 22. Ne5 Rxa1+ 23. Qxa1 Nd6 24. Nd4 Nd7 25. Nxd7 Qxd7 26. b6 Bg6 27. Nf3 f6 28. Nd4 Bf7 29. Qa8+ Qc8 30. Qa3 Qd8 31. Qa7 Qc8 32. Qa3 Qd8 33. Qa7 Qc8 34. Nb3 Bh5 35. Qa3 Qd8 36. Nc5 Qc8 37. e4 Bf7 38. Qa5 Qc6 39. Kh2 Nc8 40. exd5 exd5 41. Na4 Kh7 42. Qc5 Qxc5 43. Nxc5 Nxb6 44. Nxb7 Kg8 1/2-1/2

[Event "Asian Continental op 18th"]
[Site "Xingtai"]
[Date "2019.06.14"]
[Round "8"]
[White "Zhang, Ziji"]
[Black "Vishnu, Prasanna V"]
[Result "1-0"]
[WhiteElo "2408"]
[BlackElo "2511"]
[PlyCount "69"]
[EventDate "2019.06.07"]
[EventType "swiss"]
[EventRounds "9"]
[EventCountry "CHN"]
[SourceTitle "CBM 190 Extra"]
[Source "ChessBase"]
[SourceDate "2019.07.15"]
[SourceVersion "1"]
[SourceVersionDate "2019.07.15"]
[SourceQuality "1"]

1. d4 Nf6 2. c4 g6 3. Nc3 Bg7 4. e4 d6 5. h3 Nbd7 6. Be3 e5 7. d5 Nc5 8. Qc2 a5 9. g4 h5 10. g5 Nfd7 11. Nf3 a4 12. 0-0-0 0-0 13. Nd2 c6 14. Kb1 Qa5 15. a3 Nb6 16. Rc1 Bd7 17. Qd1 f5 18. gxf6 Rxf6 19. Be2 Raf8 20. Qg1 Nc8 21. Qg3 Ne7 22. Rhg1 cxd5 23. Nxd5 Nxd5 24. cxd5 Bb5 25. Rxc5 dxc5 26. Bxh5 Be2 27. Nc4 Qc7 28. Bg4 b5 29. Nxe5 b4 30. Nd7 Qb7 31. Nxf6+ Rxf6 32. Bxc5 bxa3 33. Qxa3 Rb6 34. Bxb6 Qxb6 35. Rd1 1-0

[Event "Asian Continental op 18th"]
[Site "Xingtai"]
[Date "2019.06.13"]
[Round "7"]
[White "Bilguun, Sumiya"]
[Black "Zhang, Ziji"]
[Result "1/2-1/2"]
[WhiteElo "2478"]
[BlackElo "2408"]
[PlyCount "73"]
[EventDate "2019.06.07"]
[EventType "swiss"]
[EventRounds "9"]
[EventCountry "CHN"]
[SourceTitle "CBM 190 Extra"]
[Source "ChessBase"]
[SourceDate "2019.07.15"]
[SourceVersion "1"]
[SourceVersionDate "2019.07.15"]
[SourceQuality "1"]

1. e4 e5 2. Nf3 Nc6 3. Bc4 Bc5 4. 0-0 Nf6 5. d3 0-0 6. h3 d6 7. c3 a6 8. Bb3 h6 9. Re1 Qe8 10. Nbd2 Be6 11. Nf1 d5 12. Qe2 Qd7 13. Ng3 dxe4 14. dxe4 Bxb3 15. axb3 Rfd8 16. b4 Bf8 17. Be3 Qd3 18. Qxd3 Rxd3 19. Kf1 Rdd8 20. Nd2 g6 21. Nb3 Kg7 22. Ke2 Bd6 23. h4 h5 24. f3 Nd7 25. Nf1 Nb6 26. Nfd2 f6 27. Na5 Nxa5 28. Rxa5 Nd7 29. Nc4 Be7 30. Rd5 Nb8 31. Rxd8 Bxd8 32. Na5 b6 33. Nc4 Kf7 34. Bf2 Ke6 35. Ra1 f5 36. Ke3 fxe4 37. fxe4 1/2-1/2

[Event "Asian Continental op 18th"]
[Site "Xingtai"]
[Date "2019.06.08"]
[Round "2"]
[White "Zhang, Ziji"]
[Black "Yakubboev, Nodirbek"]
[Result "1/2-1/2"]
[WhiteElo "2408"]
[BlackElo "2587"]
[PlyCount "65"]
[EventDate "2019.06.07"]
[EventType "swiss"]
[EventRounds "9"]
[EventCountry "CHN"]
[SourceTitle "CBM 190 Extra"]
[Source "ChessBase"]
[SourceDate "2019.07.15"]
[SourceVersion "1"]
[SourceVersionDate "2019.07.15"]
[SourceQuality "1"]

1. d4 g6 2. e4 Bg7 3. Nc3 d6 4. Bg5 Nf6 5. e5 Nfd7 6. exd6 cxd6 7. Qd2 Nf6 8. Bh6 0-0 9. h4 e5 10. Bxg7 Kxg7 11. 0-0-0 Nc6 12. Nge2 Ng4 13. Qe1 Re8 14. d5 Nd4 15. Ng3 f5 16. f3 Nf6 17. h5 f4 18. h6+ Kf8 19. Nge4 Bf5 20. Bd3 Rc8 21. Kb1 a6 22. Nxf6 Qxf6 23. Ne4 Qd8 24. Qb4 Bxe4 25. fxe4 a5 26. Qe1 Rc5 27. g3 Kg8 28. gxf4 exf4 29. Qf2 Qf6 30. e5 dxe5 31. c3 Rc7 32. d6 Qxd6 33. Be4 1/2-1/2